Keď objavili delové gule, strieľne a hradby, vybrali sa Košičania na skusy do Verony

Bibliographic Details
Main Author: Kolcun, Milan, 1969- (Author)
Format: Article
Language:Slovak
PhysicalDescription:Fotografie
ISSN:1336-5320
Subjects:
Online Access:https://kosice.korzar.sme.sk/c/22970450/ked-objavili-delove-gule-strielne-a-hradby-vybrali-sa-kosicania-na-skusy-do-verony.html

MARC

LEADER 00000nab a2200000u 4500
001 vtls012146276
003 SK-MaSNL
005 20260303235325.0
008 220816|2022 xo ||||||| ||00 ||slo|
038 |a KEVKJB 
040 |a KEVKJB  |b slo  |e rda 
041 0 |a slo 
043 |a e-xo--- 
044 |a xo  |c SK 
072 7 |a 069  |x Múzeá. Muzeológia. Múzejníctvo. Výstavy  |2 konspekt 
080 |a 069:902  |2 2011 
100 1 |a Kolcun, Milan,  |d 1969-  |4 aut  |9 105317 
245 1 0 |a Keď objavili delové gule, strieľne a hradby, vybrali sa Košičania na skusy do Verony  |c Milan Kolcun 
300 |b Fotografie 
336 |a text  |b txt  |2 rdacontent 
337 |a bez média  |b n  |2 rdamedia 
338 |a zväzok  |b nc  |2 rdacarrier 
610 2 7 |a Podzemné archeologické múzeum (Košice, Slovensko)  |2 kevkjb  |9 234607 
650 0 7 |a archeologické múzeá  |2 SNKPH  |9 100160 
651 7 |a Košice (Slovensko)  |2 SNKPHgeo  |9 18694 
651 7 |a Dolná brána (Košice, Slovensko)  |2 kevkjb  |9 880084 
773 0 |t Košický večer  |g Roč. 55, č. 30 (2022), s. 11  |x 1336-5320 
852 |a KEVKJB  |b KIS3GCP 
856 4 1 |u https://kosice.korzar.sme.sk/c/22970450/ked-objavili-delove-gule-strielne-a-hradby-vybrali-sa-kosicania-na-skusy-do-verony.html 
999 |c 2525113  |d 2527043